000 00714nam a2200265 i 4500
001 C2-0300259
003 PPAK
005 20180728081813.0
008 091103s2004 my |||| ||||| | may d
020 _a9833376622
040 _aPPAK
_beng
_cPPAK
_erda
082 0 4 _a158.1
_223
090 0 0 _a158.1
_bASH
_dG
100 0 _aAshadi Zain,
_eauthor
245 1 0 _a66 usahawan Malaysia
264 1 _aKuala Lumpur :
_bPTS Professional Publishing ,
_c2004
300 _ax, 211 pages ;
_c23 cm
336 _2rdacontent
_atext
337 _2rdamedia
_aunmediated
338 _2rdacarrier
_avolume
490 1 _aSiri bisnes
650 1 0 _aSelf actualization (Psychology)
830 0 _aSiri bisnes
942 _ddc
_cB
999 _c104158
_d104158